005350000a22001690004500003001100000005001700011008004100028040000800069041000800077082001700085100005100102245011600153250001600269260004400285300000800329650002800337LK-CoMWRAF20231107103254.0230817t1989 ||||| |||| 00| 0 eng d aDDC aeng a297.122bGIL aGilani, El-Sheikh Mohy-ud-din Syed Mubarik Ali aQuranic Psychiatry :bA report on scientific research and demonstration of the healing aspect of the Holy Quran a5th Edition aPakistan (Lahore) :bZawia Books,c1978 a36p aQuran-Psychiatric study